000 00294nam a22001217a 4500
020 _a9788120337213
082 _a621.815
_bJOH/TE
100 _aJohn, K.C.
_9266
245 _aTextbook of Machine Drawing
260 _aNew Delhi
_bPHI Learning Private Limited
_c2010
300 _a346
942 _cBK
999 _c14448
_d14448